Good bye, Bunny Bangs, (Запис № 502227)

МАРК-запис
000 -LEADER
fixed length control field 01220cam a22002771 4500
001 - CONTROL NUMBER
control field goodbyebunnybang00dank
003 - CONTROL NUMBER IDENTIFIER
control field CaSfIA
005 - DATE AND TIME OF LATEST TRANSACTION
control field 20210118090438.0
007 - PHYSICAL DESCRIPTION FIXED FIELD--GENERAL INFORMATION
fixed length control field cr||||
008 - FIXED-LENGTH DATA ELEMENTS--GENERAL INFORMATION
fixed length control field 750902s1956 xx 000 0 eng
010 ## - LIBRARY OF CONGRESS CONTROL NUMBER
LC control number 56005902
035 ## - SYSTEM CONTROL NUMBER
System control number (DLC) 56005902
035 ## - SYSTEM CONTROL NUMBER
System control number (OCoLC)1593284
040 ## - CATALOGING SOURCE
Original cataloging agency DLC
Transcribing agency FM
Modifying agency DLC
-- BIBLIOS
-- CaSfIA
042 ## - AUTHENTICATION CODE
Authentication code premarc
050 00 - LIBRARY OF CONGRESS CALL NUMBER
Classification number PZ10.3.D2284
Item number Go
100 1# - MAIN ENTRY--PERSONAL NAME
Personal name Dankovszky, Dorathea.
245 10 - TITLE STATEMENT
Title Good bye, Bunny Bangs,
Medium [electronic resource]
Statement of responsibility, etc written and illustrated by Dorathea Dana [pseud.]
260 ## - PUBLICATION, DISTRIBUTION, ETC. (IMPRINT)
Place of publication, distribution, etc New York,
Name of publisher, distributor, etc Abelard Schuman
Date of publication, distribution, etc [1956]
300 ## - PHYSICAL DESCRIPTION
Extent unpaged.
Other physical details illus.
Dimensions 23 cm.
506 ## - RESTRICTIONS ON ACCESS NOTE
Standardized terminology for access restriction Необхідна авторизація на https://archive.org/ (створення облікового запису безкоштовно)
506 ## - RESTRICTIONS ON ACCESS NOTE
Standardized terminology for access restriction Необхідна авторизація на https://openlibrary.org/ (створення облікового запису безкоштовно)
856 41 - ELECTRONIC LOCATION AND ACCESS
Uniform Resource Identifier <a href="http://www.archive.org/details/goodbyebunnybang00dank">http://www.archive.org/details/goodbyebunnybang00dank</a>
Public note Free eBook from the Internet Archive
856 42 - ELECTRONIC LOCATION AND ACCESS
Uniform Resource Identifier <a href="http://www.openlibrary.org/books/OL6197617M">http://www.openlibrary.org/books/OL6197617M</a>
Public note Additional information and access via Open Library
942 ## - ADDED ENTRY ELEMENTS (KOHA)
Koha item type ЕКнига

Немає доступних примірників.